000 00675nam a2200253Ia 4500
003 OSt
005 20220918164309.0
006 a|||||r|||| 00| 0
007 ta
008 220917b |||||||| |||| 00| 0 eng d
020 _a0521328136
024 _a37,388
037 _cTextual
040 _aARTS
_cARTS
_beng
041 _2eng
_aeng
082 _aO113,3M75,1:g, 111M7
100 _aRidley Hugh
_918144
245 0 _aThomas Mann
_b Budden brooks
260 _aCambridge
_bCUP USA
_c1987
300 _axxi, 117p.
_ccm.
650 _aENGLISH LITERATURE
942 _hO113,3M75,1:g, 111M7
_cTEXL
_2CC
999 _c124078
_d124078